000 00691nam a2200229Ia 4500
003 GCL
008 140319s9999 xx 000 0 ara d
040 _aGCL /
_cGCL
082 0 4 _aط
_b001.2
_bم ك
100 1 _aالبير مطلق
245 1 0 _aكتب الفراشة : الدينوصورات /
_cالبير مطلق
250 _aالاولى
260 _aبيروت :
_bمكتبة لبنان ،
_c1988
300 _a31 ص ؛
_c24 سم
490 _aكتب الفراشة
_v30
650 0 4 _aادب الاطفال
650 0 4 _aالتثقيف الذاتى
650 0 4 _aالمعرفة
650 0 4 _aكتب الاطفال
650 0 4 _aالديناصورات
942 _2ddc
_cBK
999 _c32151
_d32151